[Event "EU Union-ch U10"]
[Site "Kouty nad Desnou"]
[Date "2018.08.09"]
[Round "3"]
[White "Klonov, Jakov"]
[Black "Sizov, Lev"]
[Result "1/2-1/2"]
[WhiteElo "1262"]
[BlackElo "1562"]
[PlyCount "56"]
[EventDate "2018.08.07"]
[EventType "swiss"]
[EventRounds "9"]
[EventCountry "CZE"]
[SourceTitle "CBM 186 Extra"]
[Source "ChessBase"]
[SourceDate "2018.08.24"]
[SourceVersion "1"]
[SourceVersionDate "2018.08.24"]
[SourceQuality "1"]

1. e4 c5 2. c3 d5 3. exd5 Qxd5 4. d4 Nf6 5. Nf3 Nc6 6. h3 g6 7. Bd3 Bg7 8. 0-0 cxd4 9. cxd4 e6 10. Nc3 Qd8 11. Bb5 Qc7 12. Ne5 0-0 13. Nxc6 bxc6 14. Ba4 Nd5 15. Nxd5 exd5 16. Be3 Be6 17. Rc1 Bd7 18. Qc2 Rac8 19. Qd2 Qb6 20. b3 Rfe8 21. Rc3 Bf8 22. Rd1 Bb4 23. Bh6 Qa5 24. Qf4 Re6 25. Rf3 f5 26. Qc1 Rce8 27. Re3 Rxe3 28. Bxe3 Qb6 1/2-1/2

[Event "EU Union-ch U10"]
[Site "Kouty nad Desnou"]
[Date "2018.08.07"]
[Round "1"]
[White "Earle, Dominic James"]
[Black "Sizov, Lev"]
[Result "1-0"]
[WhiteElo "1301"]
[BlackElo "1562"]
[PlyCount "109"]
[EventDate "2018.08.07"]
[EventType "swiss"]
[EventRounds "9"]
[EventCountry "CZE"]
[SourceTitle "CBM 186 Extra"]
[Source "ChessBase"]
[SourceDate "2018.08.24"]
[SourceVersion "1"]
[SourceVersionDate "2018.08.24"]
[SourceQuality "1"]

1. d4 d5 2. c4 Nf6 3. Nc3 Bf5 4. Nf3 e6 5. e3 c6 6. Bd2 Nbd7 7. Be2 Be7 8. 0-0 0-0 9. Nh4 h6 10. c5 Bh7 11. Nf3 Ne4 12. b4 a6 13. a4 f5 14. Qb3 Nxd2 15. Nxd2 b5 16. axb5 axb5 17. f4 g5 18. h3 Bf6 19. g3 Kh8 20. Kh2 Rg8 21. Qb2 Rxa1 22. Rxa1 gxf4 23. gxf4 Bh4 24. Nf3 Qf6 25. Bf1 Qg6 26. Qg2 Qxg2+ 27. Bxg2 Bd8 28. Ra7 Nb8 29. Ne5 Re8 30. Nf7+ Kg8 31. Nxh6+ Kh8 32. Nf7+ Kg8 33. Ne5 Bh4 34. Nf3 Bf6 35. Ng5 Bg6 36. Ra8 Kg7 37. Nd1 Kh6 38. h4 Bxg5 39. hxg5+ Kg7 40. Ra7+ Kg8 41. Nf2 Bh5 42. Nd3 Be2 43. Ne5 Bd1 44. Ra8 Bh5 45. g6 Rf8 46. Ra7 Re8 47. Kg3 Bd1 48. Ra8 Rf8 49. Ra7 Re8 50. Kh4 Be2 51. Kg5 Bc4 52. Bf3 Bf1 53. Kh6 Bh3 54. Bh5 Bf1 55. g7 1-0

[Event "EU Union-ch U10"]
[Site "Kouty nad Desnou"]
[Date "2017.08.27"]
[Round "9"]
[White "Sizov, Lev"]
[Black "Bochnickova, Simona"]
[Result "0-1"]
[WhiteElo "1419"]
[BlackElo "1083"]
[PlyCount "108"]
[EventDate "2017.08.19"]
[EventType "swiss"]
[EventRounds "9"]
[EventCountry "CZE"]
[SourceTitle "CBM 180 Extra"]
[Source "ChessBase"]
[SourceDate "2017.10.06"]
[SourceVersion "1"]
[SourceVersionDate "2017.10.06"]
[SourceQuality "1"]

1. e4 e5 2. Nf3 Nc6 3. Bc4 Nf6 4. 0-0 Be7 5. Nc3 Nxe4 6. Bxf7+ Kxf7 7. Nxe4 d5 8. Ng3 e4 9. Ne1 Rf8 10. d3 exd3 11. Nxd3 Kg8 12. Re1 Qd6 13. Be3 d4 14. Bd2 Bd7 15. a3 Rae8 16. Nb4 Bh4 17. Nxc6 Bxc6 18. Rxe8 Bxe8 19. Bb4 c5 20. Ne4 Qf4 21. Bxc5 Qxe4 22. Bxf8 Kxf8 23. g3 Bf6 24. f3 Qe3+ 25. Kg2 Bc6 26. Qf1 Qg5 27. Rb1 Qc5 28. Qd3 h6 29. b4 Qc3 30. Qxc3 dxc3 31. b5 Bd5 32. Kf2 Ke7 33. Ke3 Bc4 34. Ke4 Kd6 35. f4 g6 36. h4 h5 37. a4 Ke6 38. Rd1 a6 39. b6 Be2 40. Rb1 Bg4 41. Rb4 Bf5+ 42. Ke3 Bxc2 43. Rc4 Kf5 44. Rc7 Bxa4 45. Rxb7 c2 46. Rc7 Bd8 47. Rc5+ Kg4 48. b7 Bb6 49. b8Q Bxc5+ 50. Kd2 Be3+ 51. Kxe3 c1Q+ 52. Kf2 Qd2+ 53. Kg1 Kh3 54. Qb7 Qe1# 0-1